000 01547cad a22002295a 4500
001 L152849
008 110505e20100804xxk 000 0 eng d
035 _a(Sirsi) u152849
041 0 _aeng
245 0 0 _aSomerfield Stores Limited v Spring (Sutton Coldfield) Limited (in Administration)
_h[electronic respurce]
260 _c2011
520 _a[2010] EWHC 2084 (Ch), 4 August 2010. Considers for the first time whether a business tenant can bring forward a hearing date to stop a landlord being able to oppose a lease renewal. Claimant (SO) sought summary judgment to allow it to progress its lease renewal after landlord (SP), refusing to grant the renewal, went into administration before reaching a trial date for its plans to redevelop the site. "Held": Not allowed. SO's case would complicate future lease renewals. A summary judgment hearing was not a final hearing and it made no sense to consider the matter at such an early stage.
590 _aKA
650 2 4 _aSOMERFIELD STORES LTD V SPRING (SUTTON COLDFIELD) LTD
650 2 4 _aBETTY'S CAFES LTD V PHILLIPS FURNISHING STORES LTD (NO 1)
650 2 4 _aDUTCH OVEN LTD V EGHAM ESTATE AND INVESTMENT CO LTD
650 2 4 _aLANDLORD AND TENANT ACT 1954 S26
651 4 _aEngland and Wales
_y1543-
690 _aPROPERTY-COMMERCIAL PROPERTY-LEASEHOLD COMMERCIAL PROPERTY-COMMERCIAL LANDLORD AND TENANT-COMMERCIAL LEASES-COMMERCIAL LEASE RENEWAL
856 4 0 _uhttps://www.bailii.org/ew/cases/EWHC/Ch/2010/2084.html
_zView the law report free of charge at www.bailii.org
942 _n0
999 _c83119
_d83119